| 000 | 00508cam a22001571 4500 | ||
|---|---|---|---|
| 082 |
_a624.1834 _bBRY _cL-19, P-13 |
||
| 100 | 1 |
_aBray, Thomas J. _943176 |
|
| 245 | 1 | 2 |
_aA course of reinforced concrete design, _cby Thomas J. Bray ... |
| 260 |
_aLondon, _bChapman & Hall ltd., _c1946. |
||
| 300 |
_aviii, 216 p., 1 l. _bpl., diagrs. _c26 cm. |
||
| 526 |
_a0 _b0 _c0 _d624_183400000000000_BRY |
||
| 650 | 0 | _aConcrete construction. | |
| 650 | 0 |
_aMCE _9379 |
|
| 650 | 0 |
_aReinforced concrete. _940928 |
|
| 942 |
_2ddc _cBK |
||
| 999 |
_c546967 _d546967 |
||